Data communications and computer networks: a business user's approach / (Record no. 1904)

MARC details
000 -LEADER
fixed length control field 01019nam a22001697a 4500
008 - FIXED-LENGTH DATA ELEMENTS--GENERAL INFORMATION
fixed length control field 120801t xxu||||| |||| 00| 0 eng d
020 ## - INTERNATIONAL STANDARD BOOK NUMBER
International Standard Book Number 0619160357
050 ## - LIBRARY OF CONGRESS CALL NUMBER
Classification number TK5105.5.W467
100 ## - MAIN ENTRY--PERSONAL NAME
Personal name White, Curt M.
245 ## - TITLE STATEMENT
Title Data communications and computer networks: a business user's approach /
Statement of responsibility, etc. Curt M. White
250 ## - EDITION STATEMENT
Edition statement 3rd ed.
260 ## - PUBLICATION, DISTRIBUTION, ETC.
Place of publication, distribution, etc. Australia:
Name of publisher, distributor, etc. Thomson,
Date of publication, distribution, etc. c2004.
300 ## - PHYSICAL DESCRIPTION
Extent xiii, 520p.:
Other physical details ill.;
Dimensions 28cm.
505 ## - FORMATTED CONTENTS NOTE
Formatted contents note Contents: Introduction to computer networks and data communications -- Fundamentals of data and signals -- Conducted and wireless media -- Making connections -- Multiplexing: sharing a medium -- Errors, error detection, and error control -- Local area networks: the basics -- Local area networks: internetworking -- Local area networks: software and support systems -- Introduction to metropolitan area networks and wide area networks -- The Internet -- Telecommunications systems -- Network security -- Network design and management.
650 ## - SUBJECT ADDED ENTRY--TOPICAL TERM
Topical term following geographic name entry element Computer networks.
942 ## - ADDED ENTRY ELEMENTS (KOHA)
Source of classification or shelving scheme Library of Congress Classification
Koha item type Books
Holdings
Withdrawn status Lost status Source of classification or shelving scheme Damaged status Not for loan Home library Current library Shelving location Date acquired Total Checkouts Full call number Barcode Date last seen Copy number Price effective from Koha item type Materials specified (bound volume or other part)
    Library of Congress Classification     WISCONSIN INTERNATIONAL UNIVERSITY COLLEGE, GHANA - MAIN LIBRARY WISCONSIN INTERNATIONAL UNIVERSITY COLLEGE, GHANA - MAIN LIBRARY General Stacks 01/08/2012   TK5105.5.W467 5451/12 01/08/2012 1 01/08/2012 Books  
    Library of Congress Classification     WISCONSIN INTERNATIONAL UNIVERSITY COLLEGE, GHANA - MAIN LIBRARY WISCONSIN INTERNATIONAL UNIVERSITY COLLEGE, GHANA - MAIN LIBRARY General Stacks 01/08/2012   TK5105.5.W4671 5452/12 01/08/2012 2 01/08/2012 Books  
    Library of Congress Classification     WISCONSIN INTERNATIONAL UNIVERSITY COLLEGE, GHANA - MAIN LIBRARY WISCONSIN INTERNATIONAL UNIVERSITY COLLEGE, GHANA - MAIN LIBRARY General Stacks 01/08/2012   TK5105.5.W4672 5453/12 01/08/2012 3 01/08/2012 Books  
    Library of Congress Classification     WISCONSIN INTERNATIONAL UNIVERSITY COLLEGE, GHANA KUMASI LIBRARY WISCONSIN INTERNATIONAL UNIVERSITY COLLEGE, GHANA KUMASI LIBRARY General Stacks 15/11/2019   TK5105.5.W46(3e) K/2418/2418/19 22/07/2020   22/07/2020 Books 1 CD-ROM (4 3/4 in.)

If you have any concerns or questions; kindly contact the library


© Powered by WIUC ICT DIRECTORATE